Building skills for the TOEIC test

שמור ב:
מידע ביבליוגרפי
מחבר ראשי: Richardson, Gina
פורמט: ספר
שפה:Undetermined
יצא לאור: London Longman 2002
נושאים:
תגים: הוספת תג
אין תגיות, היה/י הראשונ/ה לתייג את הרשומה!
Thư viện lưu trữ: Trung tâm Học liệu Trường Đại học Cần Thơ
LEADER 00588nam a2200205Ia 4500
001 CTU_65786
008 210402s9999 xx 000 0 und d
020 |c 210000 
082 |a 428.0076 
082 |b R521 
100 |a Richardson, Gina 
245 0 |a Building skills for the TOEIC test 
245 0 |c Gina Richardson 
260 |a London 
260 |b Longman 
260 |c 2002 
650 |a English language,Test of English for International Communication 
650 |x Study and teaching,Study guides 
904 |i H.Mai 
980 |a Trung tâm Học liệu Trường Đại học Cần Thơ